000 01413nam a2200325 a 4500
003 AR-BaBNM
005 20251128203708.0
008 082120s2002 ||||||||||||||000 | spa||
040 _cAR-BaBNM
100 1 _aHauenstein, A.
_cDean
245 0 0 _aPlaneamiento del currículo para el desarrollo de la conducta
_bguía para incrementar la eficacia del aprendizaje, la pertinencia del contenido, el interés del alumno, la responsabilidad del docente y del alumno
250 _a1ª ed.
260 _aBuenos Aires
_bGuadalupe
_c1974
300 _a64 p.
_bláms., tablas, diagr.
490 0 _aBiblioteca pedagógica
500 _aContiene planilla de planificación de actividades
500 _aEsta publicación ha sido preparada conjuntamente por la editorial y el Centro Regional de Ayuda Técnica, Agencia para el Desarrollo Internacional AID, Departamento de Estado del Gobierno de los Estados Unidos de América. El Centro es una organización dedi
504 _aContiene bibliografía al final de cada capítulo
650 4 _aCURRICULO
650 4 _aPLANIFICACION DEL CURRICULO
650 4 _aCAMBIO DE PERSONALIDAD
650 4 _aINVESTIGACION SOBRE EL CURRICULO
650 4 _aDESARROLLO COGNOSCITIVO
650 4 _aRESPONSABILIDAD DEL NIÑO
650 4 _aRESPONSABILIDAD DEL DOCENTE
650 4 _aCAMBIO DE ACTITUD
700 1 _aAlcalde, Ramón
_etraductor
942 _cBK
998 _csilvi
999 _c4526
_d4526